PLANT PHYSIOLOGY (Record no. 24145)

MARC details
000 -LEADER
fixed length control field 00316nam a22001457a 4500
003 - CONTROL NUMBER IDENTIFIER
control field SGT
082 ## - DEWEY DECIMAL CLASSIFICATION NUMBER
Classification number 612
Item number P95S
100 ## - MAIN ENTRY--PERSONAL NAME
Personal name SALISBURY, FRANK.B.
245 ## - TITLE STATEMENT
Title PLANT PHYSIOLOGY
260 ## - PUBLICATION, DISTRIBUTION, ETC. (IMPRINT)
Place of publication, distribution, etc DELHI
Name of publisher, distributor, etc CBS PUB
Year of Publication 1995
300 ## - PAGE DESCRIPTION
No. of Pages 540
650 ## - SUBJECT ADDED ENTRY--TOPICAL TERM
Topical term or geographic name as entry element PLANT PHYSIOLOGY
653 ## - KEYWORDS--INDEX TERM
Keyword term PLANT, PHYSIOLOGY
942 ## - ADDED ENTRY ELEMENTS (KOHA)
Source of classification or shelving scheme Dewey Decimal Classification
Koha item type Rare Books

No items available.